<?xml version="1.0" encoding="UTF-8"?>
<record
    xmlns:xsi="http://www.w3.org/2001/XMLSchema-instance"
    xsi:schemaLocation="http://www.loc.gov/MARC21/slim http://www.loc.gov/standards/marcxml/schema/MARC21slim.xsd"
    xmlns="http://www.loc.gov/MARC21/slim">

  <leader>00626cam a2200193 a 4500</leader>
  <controlfield tag="001">3420529</controlfield>
  <controlfield tag="005">20240221054724.0</controlfield>
  <controlfield tag="008">900313s1990    enk      b    001 0deng  </controlfield>
  <datafield tag="020" ind1=" " ind2=" ">
    <subfield code="a">1850431493 :</subfield>
  </datafield>
  <datafield tag="040" ind1=" " ind2=" ">
    <subfield code="a">DLC</subfield>
    <subfield code="c">DLC</subfield>
    <subfield code="d">DLC</subfield>
  </datafield>
  <datafield tag="082" ind1="0" ind2="0">
    <subfield code="a">320.54.</subfield>
    <subfield code="2">20</subfield>
    <subfield code="b">SUB.</subfield>
  </datafield>
  <datafield tag="100" ind1="1" ind2=" ">
    <subfield code="a">Chakrabarty, Bidyut,</subfield>
  </datafield>
  <datafield tag="245" ind1="1" ind2="0">
    <subfield code="a">Subhas Chandra Bose and middle class radicalism :</subfield>
    <subfield code="b">a study in Indian nationalism, 1928-1940 /</subfield>
    <subfield code="c">Bidyut Chakrabarty.</subfield>
  </datafield>
  <datafield tag="260" ind1=" " ind2=" ">
    <subfield code="a">India :</subfield>
    <subfield code="b">Oxford University press /</subfield>
    <subfield code="c">1990.</subfield>
  </datafield>
  <datafield tag="300" ind1=" " ind2=" ">
    <subfield code="a">xii, 240 p. ;</subfield>
  </datafield>
  <datafield tag="650" ind1=" " ind2="0">
    <subfield code="a">Nationalism</subfield>
  </datafield>
  <datafield tag="856" ind1="4" ind2="1">
    <subfield code="u">http://www.loc.gov/catdir/enhancements/fy0601/90129916-t.html</subfield>
  </datafield>
  <datafield tag="942" ind1=" " ind2=" ">
    <subfield code="c">L</subfield>
  </datafield>
  <datafield tag="952" ind1=" " ind2=" ">
    <subfield code="0">0</subfield>
    <subfield code="1">0</subfield>
    <subfield code="4">0</subfield>
    <subfield code="7">0</subfield>
    <subfield code="8">L</subfield>
    <subfield code="a">WERCL</subfield>
    <subfield code="b">WERCL</subfield>
    <subfield code="d">2024-02-21</subfield>
    <subfield code="l">0</subfield>
    <subfield code="o">320.54. SUB.</subfield>
    <subfield code="p">578</subfield>
    <subfield code="r">2024-02-21</subfield>
    <subfield code="w">2024-02-21</subfield>
    <subfield code="y">L</subfield>
  </datafield>
  <datafield tag="999" ind1=" " ind2=" ">
    <subfield code="c">457</subfield>
    <subfield code="d">457</subfield>
  </datafield>
</record>
